| 000 | 00000cas 2200000za 4500 |
| 001 | 9.850853 |
| 003 | CaOODSP |
| 005 | 20260428134209 |
| 007 | cr ||||||||||| |
| 008 | 180129c20179999onc x p o f0 a0eng|d |
| 040 | |aCaOODSP|beng |
| 043 | |an-cn--- |
| 086 | 1 |aX12-2E-PDF |
| 110 | 1 |aCanada. |bParliament. |bHouse of Commons. |bBoard of Internal Economy. |
| 245 | 10|aBoard of Internal Economy |h[electronic resource] : |btranscript. |
| 246 | 1 |aBoard of Internal Economy : |bofficial report (hansard) |
| 260 | |a[Ottawa] : |bHouse of Commons,|c2017- |
| 310 | |aIrregular |
| 362 | 1 |aBegan with no. 001 (Thursday, October 19, 2017), 1st Session, 42nd Parliament. |
| 500 | |aIssued also in French under title: Bureau de régie interne, transcription. |
| 520 | 2 |aThe list below includes all BOIE proceedings following the passing of legislation amending the Parliament of Canada Act on June 22, 2017. Transcripts are available within five days after a meeting, while Minutes are published after they have been approved by the Board and tabled in the House.|uhttp://www.ourcommons.ca/boie/en/meetings |
| 775 | 08|tBureau de régie interne |w(CaOODSP)9.850854 |